[Event "Open Tournament for All"]
[Site "SchemingMind.com"]
[Date "2007.04.02"]
[Round "-"]
[White "ajedrez perfecto"]
[Black "Zugzwang"]
[Result "1-0"]
[WhiteCountry "BAH"]
[BlackCountry "CAN"]
[WhiteElo "2102"]
[WhiteRD "100"]
[BlackElo "1435"]
[BlackRD "68"]
[GameID "99407"]

1. e4 e5 2. Qh5 Nc6 3. Bc4 g6 4. Qd1 Nf6 5. Nc3 Bg7 6. Nf3 O-O 7. d3 d6 8. Bg5 Bg4 9. h3 Bxf3 10. Qxf3 Nd4
11. Qd1 Qd7 12. Bxf6 Bxf6 13. Nd5 Bg7 14. c3 Nc6 15. Qg4 Qxg4 16. hxg4 Rac8 17. a4 Rfd8 18. g5 Rd7 19. Bb5 a6 20. Bxc6 bxc6
21. Nb4 c5 22. Nc6 d5 23. exd5 Rxd5 24. Ne7+
1-0

[Event "Open Tournament for All"]
[Site "SchemingMind.com"]
[Date "2007.04.03"]
[Round "-"]
[White "Zugzwang"]
[Black "ajedrez perfecto"]
[Result "0-1"]
[WhiteCountry "CAN"]
[BlackCountry "BAH"]
[WhiteElo "1435"]
[WhiteRD "68"]
[BlackElo "2102"]
[BlackRD "100"]
[GameID "99408"]

1. d4 d5 2. Nf3 Nf6 3. e3 Bf5 4. c4 e6 5. Qb3 Nc6 6. Qxb7 Nb4 7. Na3 Rb8 8. Qxa7 Ra8 9. Qb7 Rxa3 10. bxa3 Nc2+
11. Kd1 Nxa1 12. c5 Be7 13. Bb5+ Kf8 14. Bb2 Ng4 15. Kd2 Nc2 16. Ke2 Rg8 17. h3 Nf6 18. Rc1 g5 19. Ba4 Nxe3 20. fxe3 g4
21. Ne5 gxh3 22. c6 Rxg2+ 23. Ke1 h2
0-1

[Event "Open Tournament for All"]
[Site "SchemingMind.com"]
[Date "2007.04.02"]
[Round "-"]
[White "faulty"]
[Black "Zugzwang"]
[Result "1-0"]
[WhiteCountry "USA"]
[BlackCountry "CAN"]
[WhiteElo "1913"]
[WhiteRD "69"]
[BlackElo "1444"]
[BlackRD "60"]
[GameID "99437"]

1. e4 e5 2. Nf3 Nf6 3. Nxe5 d6 4. Nf3 Nxe4 5. d4 d5 6. Bd3 Bd7 7. Qe2 f5 8. Ne5 Bd6 9. Bxe4 fxe4 10. Qh5+ g6
11. Nxg6 hxg6 12. Qxh8+ Bf8 13. Bh6 Qe7 14. O-O Nc6 15. Qxf8+ Qxf8 16. Bxf8 Kxf8 17. c3 Kg7 18. Nd2 Re8 19. Rae1 Nd8 20. Re3 Nf7
21. f3 Ng5 22. Rfe1 c6 23. fxe4 dxe4 24. Nxe4 Nxe4 25. Rxe4 Rxe4 26. Rxe4 Kf6 27. g4
1-0

[Event "Open Tournament for All"]
[Site "SchemingMind.com"]
[Date "2007.04.02"]
[Round "-"]
[White "faulty"]
[Black "ajedrez perfecto"]
[Result "0-1"]
[WhiteCountry "USA"]
[BlackCountry "BAH"]
[WhiteElo "1909"]
[WhiteRD "81"]
[BlackElo "2136"]
[BlackRD "97"]
[GameID "99438"]

1. e4 e6 2. d4 d5 3. Nd2 Nf6 4. Bd3 dxe4 5. Nxe4 Nbd7 6. Nf3 Nxe4 7. Bxe4 Nf6 8. Bd3 Be7 9. O-O b6 10. Bb5+ Bd7
11. Bxd7+ Nxd7= 12. c4 O-O 13. Bf4 Bd6 14. Qd2 Qf6 15. Bg5 Qf5 16. Nh4 Qe4 17. Rfe1 Qb7 18. Nf3 a5 19. a3 c6 20. Rad1 a4
21. c5 Bc7 22. Qc3 bxc5 23. Qc4 cxd4 24. Qxd4 Nb6 25. Qg4 Kh8 26. Be7 Bxh2+ 27. Kxh2 Qxe7 28. Ne5 c5 29. Re3 Qc7 30. f4 f6
31. Nf3 Rae8 32. g3 Qb7 33. Nh4 Nd5 34. Re2 f5 35. Qh3 Kg8 36. Rde1 Nf6 37. Ng2 Ng4+ 38. Kg1 Rf6 39. Qh1 Qf3
0-1

[Event "Open Tournament for All"]
[Site "SchemingMind.com"]
[Date "2007.04.02"]
[Round "-"]
[White "Zugzwang"]
[Black "faulty"]
[Result "0-1"]
[WhiteCountry "CAN"]
[BlackCountry "USA"]
[WhiteElo "1444"]
[WhiteRD "60"]
[BlackElo "1913"]
[BlackRD "69"]
[GameID "99439"]

1. d4 Nf6 2. Nf3 d5 3. e3 Bg4 4. c4 Nbd7 5. Qb3 Rb8 6. cxd5 Nb6 7. Bb5+ Bd7 8. Ne5 a6 9. d6 e6 10. Bxd7+ Nbxd7
11. dxc7 Qxc7 12. O-O Nxe5 13. dxe5 Qxe5 14. f4 Qc7 15. Nc3 Bc5 16. Kh1 O-O 17. e4 Ng4 18. g3 Qc6
0-1

[Event "Open Tournament for All"]
[Site "SchemingMind.com"]
[Date "2007.04.02"]
[Round "-"]
[White "ajedrez perfecto"]
[Black "faulty"]
[Result "1-0"]
[WhiteCountry "BAH"]
[BlackCountry "USA"]
[WhiteElo "1942"]
[WhiteRD "131"]
[BlackElo "1913"]
[BlackRD "69"]
[GameID "99440"]

1. Nc3 e5 2. Nf3 Nc6 3. e4 Nf6 4. Bc4 Be7 5. O-O O-O 6. d4 Nxe4 7. Nxe4 d5 8. Bd3 dxe4 9. Bxe4 exd4 10. Bxc6 bxc6
11. Qxd4 Bd6 12. b3 c5 13. Qe4 Bd7 14. Ng5 g6 15. Qh4 h5 16. Bb2 Be7 17. f4 Bf6 18. Bxf6 Qxf6 19. Rad1 Bf5 20. c4 Qc3
21. Qf2 Rfd8 22. Qxc5 f6 23. Qe7
1-0

[Event "Open Tournament for All"]
[Site "SchemingMind.com"]
[Date "2007.04.02"]
[Round "-"]
[White "lacus66"]
[Black "faulty"]
[Result "0-1"]
[WhiteCountry "HUN"]
[BlackCountry "USA"]
[WhiteElo "1700"]
[WhiteRD "67"]
[BlackElo "1913"]
[BlackRD "69"]
[GameID "99442"]

1. d4 Nf6 2. c4 e6 3. Nc3 Bb4 4. e3 O-O 5. Bd3 b6 6. Ne2 Bb7 7. O-O d5 8. a3 dxc4 9. Bxc4 Bd6 10. b4 Nbd7
11. Nb5 Be7 12. Nec3 a6 13. Qb3 axb5 14. Nxb5 c6 15. Nc3 b5 16. Bd3 e5 17. Bf5 g6 18. Be4 Nxe4 19. Nxe4 Nf6 20. Nxf6+ Bxf6
21. Bb2 exd4 22. Rfd1 Qd5 23. Qxd5 cxd5 24. Bxd4 Bxd4 25. exd4 Rac8 26. Kf1 Rfe8 27. Re1 Kf8 28. Rxe8+ Kxe8 29. Re1+ Kd7 30. f4 Rc4
31. Rd1 Bc6 32. Rd3 Kd6 33. Ke2 Bd7 34. h3 Bf5 35. Rd2 Rc2 36. Rxc2 Bxc2 37. g3 f6 38. h4 h5 39. Kf2 Ke6 40. Ke3 Kf5
41. Kd2 Ba4 42. Ke2 Ke4
0-1

[Event "Open Tournament for All"]
[Site "SchemingMind.com"]
[Date "2007.04.02"]
[Round "-"]
[White "lacus66"]
[Black "Zugzwang"]
[Result "1-0"]
[WhiteCountry "HUN"]
[BlackCountry "CAN"]
[WhiteElo "1700"]
[WhiteRD "67"]
[BlackElo "1444"]
[BlackRD "60"]
[GameID "99443"]

1. d4 f5 2. e4 fxe4 3. Nc3 Nf6 4. f3 exf3 5. Nxf3 g6 6. Qd3 Nc6 7. Bg5 d6 8. O-O-O e5 9. dxe5 dxe5 10. Qxd8+ Nxd8
11. Rxd8+ Kxd8 12. Bxf6+ Ke8 13. Bxh8
1-0

[Event "Open Tournament for All"]
[Site "SchemingMind.com"]
[Date "2007.04.02"]
[Round "-"]
[White "lacus66"]
[Black "ajedrez perfecto"]
[Result "0-1"]
[WhiteCountry "HUN"]
[BlackCountry "BAH"]
[WhiteElo "1700"]
[WhiteRD "67"]
[BlackElo "1942"]
[BlackRD "131"]
[GameID "99444"]

1. d4 f5 2. e4 fxe4 3. f3 exf3 4. Nxf3 Nf6 5. Bg5 e6 6. Bc4 Be7 7. O-O d5 8. Bb5+ c6 9. Be2 Qb6 10. b3 Nbd7
11. Ne5 Nxe5 12. Bh5+ Ng6 13. Qd3 Nxh5 14. Bxe7 Nxe7 15. Qe3 Nf6 16. Nc3 O-O 17. Rae1 Nf5
0-1

[Event "Open Tournament for All"]
[Site "SchemingMind.com"]
[Date "2007.04.02"]
[Round "-"]
[White "faulty"]
[Black "lacus66"]
[Result "1/2-1/2"]
[WhiteCountry "USA"]
[BlackCountry "HUN"]
[WhiteElo "1906"]
[WhiteRD "75"]
[BlackElo "1757"]
[BlackRD "68"]
[GameID "99445"]

1. e4 e6 2. d4 d5 3. Nd2 Nf6 4. e5 Nfd7 5. f4 c5 6. Ngf3 Nc6 7. c3 cxd4 8. cxd4 Be7 9. Be2 O-O 10. O-O a6
11. Kh1 b5 12. b3 Qb6 13. Bb2 Bb7 14. a3 a5 15. Qc2 b4 16. a4 Ba6 17. Rf2 Bxe2 18. Rxe2 Qa6 19. Nf1 Rac8 20. Qd2 Rc7
21. Ne3 f5 22. g3 Qc8 23. Rg1 Qe8 24. Rf2 Qh5 25. Qe2 Kh8 26. Rc1 Rfc8= 27. Kg2 h6 28. h4 Qg6= 29. Rh1 Qf7 30. h5 Kg8
31. Nh4 g5 32. hxg6 Qg7 33. Qh5 Nf8 34. g4 Bxh4 35. Qxh4 Nxg6 36. Qxh6 Rf8 37. g5 Kf7 38. Kg3 Rg8 39. Rfh2 Ke8 40. Qh5 Rf8
41. Qe2 Rh8 42. Rh6 Rg8 43. Qa6 Qf7 44. Rc1 Qd7 45. Ng2 Kf7 46. Rch1 Ra7 47. Qe2 Qc7 48. Nh4 Nce7 49. Nxg6 Nxg6 50. Rc1 Qd8
51. Qh5 Rg7 52. Rh7 Qg8 53. Rh6 Ke7 54. Rh1 Rc7 55. Rh2 Qe8 56. Qe2 Kf8 57. Qa6 Qc8 58. Qe2 Qd7 59. Qd1 Qc6= 60. Qh1 Qa6
61. Qf3 Qc8 62. Qd3 Ke7 63. Rd2 Rc6 64. Rhh2 Kf7 65. Qb5 Ke7 66. Rdf2 Qc7 67. Qe2 Kd8 68. Qh5 Qf7 69. Qe2 Qc7=
1/2-1/2

[Event "Open Tournament for All"]
[Site "SchemingMind.com"]
[Date "2007.04.03"]
[Round "-"]
[White "Zugzwang"]
[Black "lacus66"]
[Result "0-1"]
[WhiteCountry "CAN"]
[BlackCountry "HUN"]
[WhiteElo "1435"]
[WhiteRD "63"]
[BlackElo "1757"]
[BlackRD "68"]
[GameID "99446"]

1. d4 g6 2. e4 Bg7 3. c4 d6 4. Nc3 Nf6 5. f3 O-O 6. Be3 e5 7. Nge2 c6 8. Qd2 Be6 9. d5 Bd7 10. O-O-O c5
11. g4 a6 12. h4 b5 13. h5 Qa5 14. b3 bxc4 15. bxc4 Qa3+ 16. Qb2 Qb4 17. Qxb4 cxb4 18. Nb1 a5 19. g5 Ne8 20. Ng3 Ba4
21. Rd2 f5 22. gxf6 Nxf6 23. hxg6 hxg6 24. Rdh2 Na6 25. Bh6 Nc5 26. Bxg7 Kxg7 27. Nd2 Ncd7 28. Be2 Rh8 29. Rxh8 Rxh8 30. Rxh8 Kxh8
31. Nb3 Bxb3 32. axb3 Nh5 33. Nxh5 gxh5 34. f4 exf4 35. Bxh5 Nc5 36. Kb2 Nxe4 37. Bg6 Ng5 38. Kc2 Kg7 39. Bd3 Kf6 40. Kd2 Ke5
41. Ke2 Kd4 42. Bc2 Kc3 43. Bd1 Nf7 44. Kf3 Kd2 45. Be2 Ne5+ 46. Kf2 a4 47. bxa4 b3
0-1

[Event "Open Tournament for All"]
[Site "SchemingMind.com"]
[Date "2007.04.03"]
[Round "-"]
[White "ajedrez perfecto"]
[Black "lacus66"]
[Result "1-0"]
[WhiteCountry "BAH"]
[BlackCountry "HUN"]
[WhiteElo "2136"]
[WhiteRD "97"]
[BlackElo "1778"]
[BlackRD "74"]
[GameID "99447"]

1. Nc3 e5 2. e4 Nc6 3. Nf3 Bb4 4. Nd5 Nge7 5. Nxb4 Nxb4 6. Nxe5 d6 7. Nf3 Bg4 8. Be2 Bxf3 9. Bxf3 O-O 10. c3 Nd3+
11. Kf1 c6 12. Qc2 Ne5 13. Be2 d5 14. d4 Nd7 15. e5 f6 16. e6 Nb6 17. Bd3 Qd6 18. Bxh7+ Kh8 19. Bd3 Qxe6 20. b3 Kg8
21. Ba3 Rfe8 22. Re1 Qd7 23. Bxe7 Rxe7 24. Rxe7 Qxe7 25. Bg6 Nd7 26. Qe2 Qxe2+ 27. Kxe2 Nf8 28. Bd3 Ne6 29. g3 Re8 30. Kd2 Ng5
31. Kd1 Kf7 32. h4 Nf3 33. Be2 Nxd4 34. cxd4 b6 35. Re1 c5 36. Bh5+
1-0

[Event "Open Tournament for All"]
[Site "SchemingMind.com"]
[Date "2007.04.02"]
[Round "-"]
[White "keen"]
[Black "faulty"]
[Result "1/2-1/2"]
[WhiteCountry "SCO"]
[BlackCountry "USA"]
[WhiteElo "1730"]
[WhiteRD "57"]
[BlackElo "1913"]
[BlackRD "69"]
[GameID "99460"]

1. g3 Nf6 2. Bg2 d5 3. d3 e5 4. e3 Nc6 5. Ne2 Bd6 6. O-O O-O 7. Nd2 Be6 8. b3 Qd7 9. Bb2 Bh3 10. Nf3 h6
11. Re1 Rad8 12. Nc3 a6 13. Qe2 Rfe8 14. Rad1 Bg4 15. e4 d4 16. Nb1 Na7 17. Nbd2 b5 18. Qf1 c5 19. Rc1 Nc6 20. a3 a5
21. h3 Be6 22. Kh2 g5 23. Rcd1 Kh7 24. Qe2 g4 25. Ng1 h5 26. Bc1 Rg8 27. Nf1 Rg6 28. h4 Rdg8 29. Qd2 c4 30. bxc4 bxc4
31. c3 Qe7 32. dxc4 Bxc4 33. Ne2 Bb3 34. cxd4 Bxd1 35. Rxd1 exd4 36. Nxd4 Nxd4 37. Qxd4 Ne8 38. Ne3 Qxh4+ 39. Kg1 Qf6 40. Qc4 Qe6
41. Qb5 Qe5 42. Qd7 Qe6 43. Qb5 Be5 44. Nf5 Rf8 45. Qxa5 Nc7 46. Qc5 Re8 47. Qe3 Qb6 48. Qd3 Qb5 49. Qe3 Qb6 50. Qd3 Qb5=
1/2-1/2

[Event "Open Tournament for All"]
[Site "SchemingMind.com"]
[Date "2007.04.02"]
[Round "-"]
[White "keen"]
[Black "Zugzwang"]
[Result "1-0"]
[WhiteCountry "SCO"]
[BlackCountry "CAN"]
[WhiteElo "1730"]
[WhiteRD "57"]
[BlackElo "1444"]
[BlackRD "60"]
[GameID "99461"]

1. e4 e5 2. Nf3 Nf6 3. Nxe5 d6 4. Nf3 Nxe4 5. Nc3 Bf5 6. Nxe4 Bxe4 7. Bc4 Qe7 8. O-O Bxf3 9. Qxf3 Nc6 10. Bb5 Qd7
11. Re1+ Be7 12. d4 a6 13. Ba4 b5 14. Bb3 O-O 15. c3 Kh8 16. Bd5 Rae8 17. Bxc6
1-0

[Event "Open Tournament for All"]
[Site "SchemingMind.com"]
[Date "2007.04.02"]
[Round "-"]
[White "keen"]
[Black "lacus66"]
[Result "1-0"]
[WhiteCountry "SCO"]
[BlackCountry "HUN"]
[WhiteElo "1737"]
[WhiteRD "58"]
[BlackElo "1757"]
[BlackRD "68"]
[GameID "99462"]

1. g3 e5 2. Bg2 d5 3. c3 Nc6 4. d3 Nf6 5. Nf3 Bd6 6. O-O O-O 7. Nbd2 Bg4 8. h3 Bh5 9. g4 Bg6 10. Nh4 Ne7
11. Nxg6 Nxg6 12. Nf3 c5 13. Qc2 e4 14. dxe4 dxe4 15. Ng5 Bc7 16. Nxe4 Nxe4 17. Qxe4 Qd6 18. f4 Rab8 19. Be3 b6 20. Rad1 Rfe8
21. Rxd6 Rxe4 22. Bxe4 Bxd6 23. Bxg6 hxg6 24. Rd1 Rd8 25. Kg2 f5 26. Kf3 Kf7 27. Bf2 Be7 28. Rxd8 Bxd8 29. e4 fxe4+ 30. Kxe4 Bc7
31. Kd5 Bxf4 32. Kc6 Ke6 33. Kb7 Kd5 34. Kxa7 Kc6 35. c4 Bc1 36. b3 Ba3 37. Bg3 b5 38. cxb5+ Kxb5 39. Be5 Kc6 40. Bxg7 Kd7
41. Kb6 Ke7 42. Kc6 Kf7 43. Bc3 Ke6 44. Ba1 Bb4 45. Bb2 Kf7 46. Kd5 Ke7 47. a3
1-0

[Event "Open Tournament for All"]
[Site "SchemingMind.com"]
[Date "2007.04.02"]
[Round "-"]
[White "keen"]
[Black "ajedrez perfecto"]
[Result "0-1"]
[WhiteCountry "SCO"]
[BlackCountry "BAH"]
[WhiteElo "1737"]
[WhiteRD "58"]
[BlackElo "2070"]
[BlackRD "111"]
[GameID "99463"]

1. g3 g6 2. Bg2 Bg7 3. c3 Nf6 4. d3 O-O 5. Nf3 c5 6. O-O Nc6 7. Nbd2 d5 8. Nb3 b6 9. Re1 e5 10. Bg5 h6
11. Bd2 Be6 12. Qc1 Kh7 13. h3 c4 14. dxc4 dxc4 15. Ng5+ hxg5 16. Bxg5 Qc8 17. Nd2 Bxh3 18. Bxf6 Bxf6 19. Bxh3 Qxh3 20. Ne4 Kg7
21. Ng5 Bxg5 22. Qxg5 Rh8 23. f3 Qh2+ 24. Kf1 Rh3 25. Rad1 Rxg3
0-1

[Event "Open Tournament for All"]
[Site "SchemingMind.com"]
[Date "2007.04.02"]
[Round "-"]
[White "faulty"]
[Black "keen"]
[Result "1-0"]
[WhiteCountry "USA"]
[BlackCountry "SCO"]
[WhiteElo "1913"]
[WhiteRD "69"]
[BlackElo "1730"]
[BlackRD "57"]
[GameID "99464"]

1. e4 g6 2. d4 Bg7 3. c4 d6 4. Nc3 c6 5. f4 f5 6. exf5 Bxf5 7. Nf3 Nd7 8. Be3 Ngf6 9. h3 Qc7 10. Bd3 Bxd3
11. Qxd3 O-O-O 12. Ng5 Qb6 13. Nf7 Qxb2 14. O-O Nh5 15. Nxd8 Rxd8 16. Rfb1 Qa3 17. Rb3 Qa5 18. Rab1 Nb6 19. g4 Nf6 20. d5 Nfd7
21. dxc6 bxc6 22. Rd1 Nc5 23. Bxc5 Qxc5+ 24. Kh1 Qxc4 25. Qxc4 Nxc4 26. Na4 Rd7 27. Rdb1 Rc7 28. Rb8+ Kd7 29. R1b7 Bd4 30. Rxc7+ Kxc7
31. Rb3 c5 32. Nc3 a6 33. Nd5+ Kd7 34. Kg2 Nd2 35. Rd3 Nc4 36. Kg3 e6 37. Nc3 Nb2 38. Rf3 Nc4 39. Ne2 Bg7 40. Kf2 Nd2
41. Ra3 h6 42. Rxa6 c4 43. Ra7+
1-0

[Event "Open Tournament for All"]
[Site "SchemingMind.com"]
[Date "2007.04.02"]
[Round "-"]
[White "Zugzwang"]
[Black "keen"]
[Result "0-1"]
[WhiteCountry "CAN"]
[BlackCountry "SCO"]
[WhiteElo "1444"]
[WhiteRD "60"]
[BlackElo "1730"]
[BlackRD "57"]
[GameID "99465"]

1. d4 g6 2. Nf3 Bg7 3. b3 c5 4. Bb2 Nc6 5. e3 Nf6 6. Bd3 O-O 7. O-O cxd4 8. exd4 e5 9. c4 e4 10. d5 Nb4
11. Bxe4 Nxe4 12. Bxg7 Kxg7 13. a3 Qf6 14. Nbd2 Nxd2 15. Qxd2 Na6 16. Rac1 Nc5 17. Qb4 Nd3
0-1

[Event "Open Tournament for All"]
[Site "SchemingMind.com"]
[Date "2007.04.02"]
[Round "-"]
[White "lacus66"]
[Black "keen"]
[Result "1-0"]
[WhiteCountry "HUN"]
[BlackCountry "SCO"]
[WhiteElo "1700"]
[WhiteRD "67"]
[BlackElo "1730"]
[BlackRD "57"]
[GameID "99466"]

1. d4 g6 2. c4 Bg7 3. e4 d6 4. Nc3 c6 5. Be3 Nf6 6. Bd3 O-O 7. Nge2 Nbd7 8. O-O e5 9. d5 c5 10. Nb5 Nb6
11. Bg5 a6 12. Nbc3 Nbd7 13. Ng3 Qe8 14. a3 h6 15. Bxf6 Nxf6 16. b4 Nd7 17. Na4 b6 18. Qd2 Qd8 19. Rab1 cxb4 20. axb4 Kh7
21. Qe3 Re8 22. c5 bxc5 23. bxc5 Qa5 24. Nb6 Nxb6 25. cxb6 Bb7 26. Ra1 Qc3 27. Rfc1 Qd4 28. Qxd4 exd4 29. Rc7 Reb8 30. Rxf7 a5
31. Rc1 Ba6 32. Bxa6 Rxa6 33. b7 Rb6 34. Rcc7 Rb1+ 35. Nf1 d3 36. Rxg7+ Kh8 37. Rgd7 d2 38. Rc8+
1-0

[Event "Open Tournament for All"]
[Site "SchemingMind.com"]
[Date "2007.04.02"]
[Round "-"]
[White "ajedrez perfecto"]
[Black "keen"]
[Result "1-0"]
[WhiteCountry "BAH"]
[BlackCountry "SCO"]
[WhiteElo "2102"]
[WhiteRD "100"]
[BlackElo "1765"]
[BlackRD "68"]
[GameID "99467"]

1. e4 g6 2. d4 Bg7 3. Nf3 d6 4. Nc3 c6 5. Bf4 Nd7 6. Be2 Nf8 7. O-O Ne6 8. Be3 a6 9. Qd2 Nf6 10. h3 O-O
11. Rad1 Bd7 12. e5 Ne8 13. d5 N6c7 14. dxc6 Bxc6 15. Bh6 Ne6 16. Bxg7 N6xg7 17. Rfe1 Qa5 18. Qg5 Qc7 19. a3 Ne6 20. Qe3 dxe5
21. Nxe5 N8g7 22. Bg4 h5 23. Bxe6 Nxe6 24. Nxg6 fxg6 25. Qxe6+ Rf7 26. Qxg6+ Rg7 27. Qe6+ Kh8 28. Nd5 Qa5 29. Re5 Rag8 30. Rxh5+ Rh7
31. Rxh7+ Kxh7 32. Rd4 Qc5 33. Rh4+
1-0

[Event "Open Tournament for All"]
[Site "SchemingMind.com"]
[Date "2007.04.02"]
[Round "-"]
[White "kobby"]
[Black "faulty"]
[Result "0-1"]
[WhiteCountry "ENG"]
[BlackCountry "USA"]
[WhiteElo "1547"]
[WhiteRD "66"]
[BlackElo "1913"]
[BlackRD "69"]
[GameID "99503"]

1. d4 Nf6 2. Bg5 Ne4 3. Bf4 d5 4. e3 Nd7 5. c4 e6 6. c5 g5 7. Bg3 Nxg3 8. hxg3 c6 9. Bd3 e5 10. Rxh7 Rxh7
11. Bxh7 e4 12. Bf5 Nxc5 13. Bxc8 Nd3+ 14. Ke2 Qxc8 15. Kf1 Nxb2 16. Qb3 Nc4 17. Nh3 Be7 18. Ke2 Qg4+ 19. Ke1 Qd7 20. Nc3 b5
21. Ke2 Qg4+ 22. Ke1 a5 23. a4 Bb4 24. axb5 cxb5 25. Ra2 Rb8 26. Qc2 f6 27. Ra1 Rc8 28. Rc1 Nxe3 29. fxe3 Rxc3 30. Qxc3 Bxc3+
31. Rxc3 Qxg3+ 32. Kf1 Qb8 33. Rc5 Qb7 34. Nf2 a4 35. Nd1 b4 36. Ke2 a3 37. Rc1 b3 38. Nc3 a2 39. Kd2 b2 40. Rb1 a1=Q
0-1

[Event "Open Tournament for All"]
[Site "SchemingMind.com"]
[Date "2007.04.02"]
[Round "-"]
[White "kobby"]
[Black "Zugzwang"]
[Result "1-0"]
[WhiteCountry "ENG"]
[BlackCountry "CAN"]
[WhiteElo "1547"]
[WhiteRD "66"]
[BlackElo "1444"]
[BlackRD "60"]
[GameID "99504"]

1. d4 f5 2. Bf4 e6 3. a3 Nf6 4. Bg5 d5 5. e3 c6 6. c4 Be7 7. cxd5 cxd5 8. Nc3 O-O 9. Nf3 Nc6 10. h3 Bd7
11. b4 Be8 12. Bd3 Bh5 13. Be2 Rc8 14. O-O Bxf3 15. Bxf3 a6 16. Bf4 Nxb4 17. Qb3 Nd3 18. Bh2 b5 19. Nxb5 axb5 20. Qxd3 Qa5
21. Rfb1 Rc3 22. Qe2 Rxa3 23. Rxa3 Qxa3 24. Qxb5 Rc8 25. g4 fxg4 26. hxg4 Ne4 27. Bxe4 dxe4 28. Qb7 Rc1+ 29. Rxc1 Qxc1+ 30. Kg2 Bh4
31. Qxe4 h6 32. Qxe6+ Kh7 33. Bg3 Bxg3 34. Kxg3 Qg1+ 35. Kf3 Qd1+ 36. Kf4 g5+ 37. Ke5 Qf3 38. Qf5+ Qxf5+ 39. Kxf5 Kg7 40. e4 Kf7
41. e5
1-0

[Event "Open Tournament for All"]
[Site "SchemingMind.com"]
[Date "2007.04.02"]
[Round "-"]
[White "kobby"]
[Black "keen"]
[Result "1-0"]
[WhiteCountry "ENG"]
[BlackCountry "SCO"]
[WhiteElo "1547"]
[WhiteRD "66"]
[BlackElo "1730"]
[BlackRD "57"]
[GameID "99505"]

1. d4 g6 2. e4 Bg7 3. e5 d6 4. Nf3 Nc6 5. Bb5 Bd7 6. Bf4 a6 7. Bc4 dxe5 8. dxe5 Na5 9. Qd5 Nxc4 10. Qxc4 Bb5
11. Qb3 Nh6 12. Nc3 Bc6 13. Rd1 Qc8 14. Nd5 b6 15. O-O Qb7 16. c4 Nf5 17. e6 O-O 18. exf7+ Rxf7 19. Ng5 Rf6 20. Nxf6+ Bxf6
21. c5+ Kh8 22. Nxh7 Bxg2 23. Rfe1 Bh1 24. Qh3 Bh4 25. Ng5 Kg7 26. Ne6+ Kf6 27. Nxc7 Rh8 28. Nd5+ Kf7 29. Kxh1 e6 30. Bg5 exd5
31. Bxh4 d4+ 32. Kg1 Rxh4 33. Qb3+ Kg7 34. Qxb6 Rg4+ 35. Kf1 Qg2+ 36. Ke2 d3+ 37. Rxd3 Qe4+ 38. Kd2 Qf4+ 39. Kd1 Qxf2 40. Qc7+ Kh6
41. Rh3+ Nh4 42. Qe5 Rd4+ 43. Kc1 Rc4+ 44. Rc3 Rd4 45. Qe3+
1-0

[Event "Open Tournament for All"]
[Site "SchemingMind.com"]
[Date "2007.04.02"]
[Round "-"]
[White "kobby"]
[Black "lacus66"]
[Result "0-1"]
[WhiteCountry "ENG"]
[BlackCountry "HUN"]
[WhiteElo "1547"]
[WhiteRD "66"]
[BlackElo "1700"]
[BlackRD "67"]
[GameID "99506"]

1. d4 e6 2. e4 d5 3. e5 c5 4. c3 Nc6 5. Nf3 Qb6 6. Qc2 cxd4 7. cxd4 Nge7 8. Be3 Nf5 9. Nbd2 Bb4 10. Bd3 Nxe3
11. fxe3 Be7 12. O-O O-O 13. Bxh7+ Kh8 14. Bd3 Nb4 15. Qb3 Nxd3 16. Qxd3 Bd7 17. Qb1 Rac8 18. b3 Bb5 19. Rf2 Qa6 20. g3 Rc3
21. Qe1 Rc2 22. Nh4 Rxa2 23. Rxa2 Qxa2 24. Qd1 Qa5 25. Rxf7 Rxf7 26. Qh5+ Kg8 27. Ndf3 Qa1+ 28. Kg2 Qf1#
0-1

[Event "Open Tournament for All"]
[Site "SchemingMind.com"]
[Date "2007.04.02"]
[Round "-"]
[White "kobby"]
[Black "ajedrez perfecto"]
[Result "0-1"]
[WhiteCountry "ENG"]
[BlackCountry "BAH"]
[WhiteElo "1543"]
[WhiteRD "79"]
[BlackElo "2102"]
[BlackRD "100"]
[GameID "99507"]

1. d4 Nf6 2. Nc3 d5 3. Bg5 c6 4. Bxf6 exf6 5. e3 Bb4 6. Ne2 Bg4 7. Qd3 Qe7 8. h3 Bh5 9. a3 Bg6 10. Qd2 Ba5
11. b4 Bc7 12. Nc1 O-O 13. Be2 Nd7 14. Nd3 Rfe8 15. O-O Qd6 16. Nf4 h6 17. g3 Bh7 18. h4 Qe7 19. b5 a6 20. bxc6 bxc6
21. Na4 Bxf4 22. exf4 Qxe2 23. Qxe2 Rxe2 24. c4 dxc4 25. Nc3 Rd2 26. Rfd1 Rxd1+ 27. Rxd1 Bd3 28. d5 cxd5 29. Nxd5 Rb8 30. Nb4 Nc5
31. Kg2 Rd8 32. Rc1 Rc8 33. f3 a5 34. Nd5 Kh7 35. g4 Re8 36. f5 Re5 37. Nf4 g6 38. fxg6+ fxg6
0-1

[Event "Open Tournament for All"]
[Site "SchemingMind.com"]
[Date "2007.04.02"]
[Round "-"]
[White "faulty"]
[Black "kobby"]
[Result "1-0"]
[WhiteCountry "USA"]
[BlackCountry "ENG"]
[WhiteElo "1913"]
[WhiteRD "69"]
[BlackElo "1547"]
[BlackRD "66"]
[GameID "99508"]

1. e4 d5 2. exd5 Qxd5 3. Nc3 Qd8 4. d4 Bf5 5. Be3 h6 6. Bc4 e6 7. Nge2 Nf6 8. O-O Bd6 9. Bd3 Bxd3 10. Qxd3 Ng4
11. h3 Nf6 12. Ne4 Nbd7 13. c4 Be7 14. N2c3 a6 15. a3 O-O 16. b4 c6 17. f4 Qc7 18. Rf3 a5 19. b5 c5 20. d5 exd5
21. cxd5 c4 22. Qd4 Nc5 23. Nxc5 b6 24. N5e4 Bc5 25. Nxc5 Qxc5 26. Qxc5 bxc5 27. Bxc5 Rfe8 28. Re3 Nh5 29. Rae1 Red8 30. g3 Nf6
31. Rd1 Rd7 32. Re7 Rdd8 33. d6 Nd7 34. Bf2 Kf8 35. Nd5 Rac8 36. Rxd7 Rxd7 37. Nb6 Rcd8 38. Nxd7+ Rxd7 39. Bb6 a4 40. Bc7 f6
41. b6 c3 42. b7 c2 43. b8=Q+
1-0

[Event "Open Tournament for All"]
[Site "SchemingMind.com"]
[Date "2007.04.02"]
[Round "-"]
[White "Zugzwang"]
[Black "kobby"]
[Result "1-0"]
[WhiteCountry "CAN"]
[BlackCountry "ENG"]
[WhiteElo "1435"]
[WhiteRD "63"]
[BlackElo "1529"]
[BlackRD "72"]
[GameID "99509"]

1. d4 d5 2. Nf3 Bg4 3. Ne5 Bf5 4. c4 c6 5. Qb3 e6 6. Qxb7 Nd7 7. Qxc6 dxc4 8. Nxd7 Bb4+ 9. Bd2 Bxd2+ 10. Nxd2 Ne7
11. Qb5 Qxd7 12. Qxd7+ Kxd7 13. Nxc4 Nc6 14. O-O-O Ke7 15. e3 Rhc8 16. Bd3 Nb4 17. Bxf5 Rxc4+ 18. Kb1 exf5 19. h3 g6 20. Rhe1 h5
21. d5 Kd6 22. Re2 a5 23. f3 a4 24. Red2 a3 25. b3 Rc3 26. e4 fxe4 27. fxe4 Ke5 28. d6 Kxe4 29. Rd4+ Ke3 30. Rxb4 Rd8
31. Ra4 Rd3 32. Rxd3+ Kxd3 33. Rxa3 Rxd6 34. Kc1 Ke2 35. g4 hxg4 36. hxg4 Rd4 37. Ra4 Rd5 38. b4 Rd4 39. a3 Rxg4 40. Ra7 f5
41. b5 Rc4+ 42. Kb2 Rc8 43. Rg7 Rb8 44. a4 Rb6 45. Kc3 f4 46. Re7+ Kf2 47. Re5 f3 48. a5 Rb8 49. a6 Ra8 50. Rg5 Rg8
51. b6 Ke3 52. Rg3 Kf4 53. Rxf3+ Kxf3 54. b7 g5 55. a7 g4 56. a8=Q Rxa8 57. bxa8=Q+ Kf2 58. Kd2 g3 59. Qf8+ Kg1 60. Ke2 g2
61. Qg7 Kh2 62. Kf2 g1=Q+ 63. Qxg1+ Kh3 64. Qg3#
1-0

[Event "Open Tournament for All"]
[Site "SchemingMind.com"]
[Date "2007.04.02"]
[Round "-"]
[White "keen"]
[Black "kobby"]
[Result "0-1"]
[WhiteCountry "SCO"]
[BlackCountry "ENG"]
[WhiteElo "1730"]
[WhiteRD "57"]
[BlackElo "1547"]
[BlackRD "66"]
[GameID "99510"]

1. g3 d5 2. Bg2 Bf5 3. d3 h6 4. Nf3 e6 5. O-O Nf6 6. Nh4 Bh7 7. Nc3 Bb4 8. Bd2 O-O 9. a3 Be7 10. e4 dxe4
11. dxe4 Nfd7 12. Re1 Bxh4 13. gxh4 Qxh4 14. Nb5 Na6 15. Bc3 Rfd8 16. Qf3 Qg5 17. Qg3 Qxg3 18. hxg3 c6 19. Nd6 Rab8 20. Rad1 Nac5
21. b4 Na4 22. Bd4 b6 23. e5 c5 24. Ba1 cxb4 25. Bc6 Ndc5 26. axb4 Bxc2 27. Rc1 Nd3 28. Rxc2 Nxe1 29. Re2 Nd3 30. Bxa4 Nxb4
31. f4 a6 32. Bb3 b5 33. f5 exf5 34. Nxf7 Rd3 35. e6 Re8 36. Nd6 Rxd6 37. e7+ Kh7 38. Bc3 a5 39. Re5 Rd3 40. Bf7 Rxe7
41. Rxe7 Rxg3+ 42. Kf2 Rxc3 43. Be8 Rc5 44. Rb7 Nd3+ 45. Ke3 Ne5 46. Bxb5 Kg6 47. Be8+ Kf6
0-1